<?xml version="1.0" encoding="UTF-8"?><?xml-stylesheet type="text/xsl" href="static/style.xsl"?><OAI-PMH xmlns="http://www.openarchives.org/OAI/2.0/" xmlns:xsi="http://www.w3.org/2001/XMLSchema-instance" xsi:schemaLocation="http://www.openarchives.org/OAI/2.0/ http://www.openarchives.org/OAI/2.0/OAI-PMH.xsd"><responseDate>2026-04-17T11:49:30Z</responseDate><request verb="GetRecord" identifier="oai:www.recercat.cat:2072/537099" metadataPrefix="marc">https://recercat.cat/oai/request</request><GetRecord><record><header><identifier>oai:recercat.cat:2072/537099</identifier><datestamp>2024-12-11T11:56:45Z</datestamp><setSpec>com_2072_243480</setSpec><setSpec>com_2072_5163</setSpec><setSpec>col_2072_263922</setSpec></header><metadata><record xmlns="http://www.loc.gov/MARC21/slim" xmlns:dcterms="http://purl.org/dc/terms/" xmlns:xsi="http://www.w3.org/2001/XMLSchema-instance" xmlns:doc="http://www.lyncode.com/xoai" xsi:schemaLocation="http://www.loc.gov/MARC21/slim http://www.loc.gov/standards/marcxml/schema/MARC21slim.xsd">
   <leader>00925njm 22002777a 4500</leader>
   <datafield ind2=" " ind1=" " tag="042">
      <subfield code="a">dc</subfield>
   </datafield>
   <datafield ind2=" " ind1=" " tag="720">
      <subfield code="a">Conesa Parras, Natàlia</subfield>
      <subfield code="e">author</subfield>
   </datafield>
   <datafield ind2=" " ind1=" " tag="260">
      <subfield code="c">2023-07</subfield>
   </datafield>
   <datafield ind2=" " ind1=" " tag="520">
      <subfield code="a">En aquest Treball de Final de Màster es presenta el disseny d'una situació d'aprenentatge per a l'ensenyament de l'anàlisi de dades en l'àrea de matemàtiques i programació. La proposta s'enfoca en alumnes de primer any de Batxillerat i s'estén al llarg d'un trimestre. En el projecte s’utilitza la metodologia d'Aprenentatge Basat en Projectes i es recolza en el llenguatge de programació Python, en concret, la llibreria Pandas per a tractar i mostrar dades i aplicar conceptes d'estadística bàsica.</subfield>
   </datafield>
   <datafield ind2=" " ind1=" " tag="520">
      <subfield code="a">En este Trabajo de Final de Máster se presenta el diseño de una situación de aprendizaje para la enseñanza del análisis de datos en el área de matemáticas y programación. La propuesta se enfoca en alumnos de primer año de Bachillerato y se extiende a lo largo de un trimestre. En el proyecto se emplea la metodología de Aprendizaje Basado en Proyectos y se apoya en el lenguaje de programación Python, en concreto, la librería Pandas para tratar y mostrar datos y aplicar conceptos de estadística básica.</subfield>
   </datafield>
   <datafield ind2=" " ind1=" " tag="520">
      <subfield code="a">This Master's Thesis presents the design of a learning situation for teaching data analysis in the areas of mathematics and programming. The proposal is aimed at first-year high-school students and extends over one term. The project employs the methodology of Project-Based Learning and relies on the Python programming language, specifically the Pandas library, to handle and display data and apply basic statistical concepts.</subfield>
   </datafield>
   <datafield ind1="8" ind2=" " tag="024">
      <subfield code="a">http://hdl.handle.net/2072/537099</subfield>
   </datafield>
   <datafield ind2="0" ind1="0" tag="245">
      <subfield code="a">Ciencia de datos en el aula: proyecto de matemáticas y programación</subfield>
   </datafield>
</record></metadata></record></GetRecord></OAI-PMH>